Kita Saling Memerlukan : (Record no. 176968)

MARC details
000 -LEADER
fixed length control field 00875nam a2200253 i 4500
005 - DATE AND TIME OF LATEST TRANSACTION
control field 20200317130917.0
008 - FIXED-LENGTH DATA ELEMENTS--GENERAL INFORMATION
fixed length control field 200317s2019 my a|||e|6||| 00| 0 may
020 ## - INTERNATIONAL STANDARD BOOK NUMBER
International Standard Book Number 9789830977652
Terms of availability RM 10.00
Qualifying information paperback
040 ## - CATALOGING SOURCE
Original cataloging agency PPAK
Language of cataloging eng
Transcribing agency PPAK
Description conventions rda
082 ## - DEWEY DECIMAL CLASSIFICATION NUMBER
Classification number 741.5
Edition number 23
090 ## - LOCALLY ASSIGNED LC-TYPE CALL NUMBER (OCLC); LOCAL CALL NUMBER (RLIN)
Classification number (OCLC) (R) ; Classification number, CALL (RLIN) (NR) 741.5
Feature heading ABE
Feature heading G
100 0# - MAIN ENTRY--PERSONAL NAME
Personal name AbeMat Usul,
Relator term author.
245 10 - TITLE STATEMENT
Title Kita Saling Memerlukan :
Remainder of title On The Way /
Statement of responsibility, etc. AbeMat Usul & BaMan ; Editor: Noraina Noraini
264 #1 - PRODUCTION, PUBLICATION, DISTRIBUTION, MANUFACTURE, AND COPYRIGHT NOTICE
Place of production, publication, distribution, manufacture Petaling Jaya, Selangor :
Name of producer, publisher, distributor, manufacturer Galeri Ilmu Sdn Bhd,
Date of production, publication, distribution, manufacture, or copyright notice 2019
300 ## - PHYSICAL DESCRIPTION
Extent iv, 121 pages :
Other physical details illustrations ;
Dimensions 20 cm
336 ## - CONTENT TYPE
Source rdacontent
Content type term text
337 ## - MEDIA TYPE
Source rdamedia
Media type term unmediated
338 ## - CARRIER TYPE
Source rdacarrier
Carrier type term volume
650 10 - SUBJECT ADDED ENTRY--TOPICAL TERM
Topical term or geographic name entry element Comic books, strips, etc.
Topical term or geographic name entry element Comic books, strips, etc.
General subdivision Religious aspects
-- Islam
700 0# - ADDED ENTRY--PERSONAL NAME
Personal name Baman,
Dates associated with a name 1995-
Relator term author.
Personal name Noraina Norani,
Relator term editor.
942 ## - ADDED ENTRY ELEMENTS (KOHA)
Source of classification or shelving scheme Dewey Decimal Classification
Koha item type Book
Holdings
Withdrawn Not for loan Current library Shelving location Date acquired Total Checkouts Total Renewals Full call number Barcode Date last seen Date last checked out Koha item type Checked out
    Perpustakaan Alor Setar Pinjaman Dewasa 07/06/2020 11 2 741.5 ABE A01641891 05/07/2025 04/06/2025 Book  
    Perpustakaan Alor Setar Pinjaman Dewasa 07/06/2020 16 2 741.5 ABE A01641892 30/06/2025 27/06/2024 Book  
    Perpustakaan Awam Sungai Petani Pinjaman Dewasa 07/06/2020 9 2 741.5 ABE A01641893 27/09/2025 22/09/2025 Book  
    Perpustakaan Baling Pinjaman Dewasa 07/06/2020 8   741.5 ABE A01641897 10/03/2026 10/03/2026 Book 31/03/2026
    Perpustakaan Bandar Baharu Pinjaman Dewasa 07/06/2020     741.5 ABE A01641898 07/06/2020   Book  
    Perpustakaan Jitra Pinjaman Dewasa 07/06/2020 3   741.5 ABE A01641894 23/06/2025 01/06/2025 Book  
    Perpustakaan Kuala Nerang Pinjaman Dewasa 07/06/2020 2   741.5 ABE A01641902 11/06/2024 13/05/2024 Book  
    Perpustakaan Kulim Pinjaman Dewasa 07/06/2020 12 3 741.5 ABE A01641895 01/07/2024 09/06/2024 Book  
    Perpustakaan Langkawi Pinjaman Dewasa 07/06/2020 3 2 741.5 ABE A01641896 15/10/2025 30/09/2025 Book  
    Perpustakaan Merbok Pinjaman Dewasa 07/06/2020 2 1 741.5 ABE A01641899 25/01/2025 18/01/2025 Book  
    Perpustakaan Pendang Pinjaman Dewasa 07/06/2020 3   741.5 ABE A01641903 16/12/2021 13/12/2021 Book  
    Perpustakaan Sik Pinjaman Dewasa 07/06/2020 1   741.5 ABE A01641901 17/07/2025 15/07/2025 Book  
    Perpustakaan Yan Pinjaman Dewasa 07/06/2020 2 1 741.5 ABE A01641900 18/11/2024 21/10/2024 Book  
    Bergerak 1, Alor Setar Pinjaman Dewasa 07/06/2020     741.5 ABE A01641904 07/06/2020   Book  
    Bergerak 3, Baling Pinjaman Dewasa 07/06/2020     741.5 ABE A01641905 07/06/2020   Book  
    Bergerak 4, Sungai Petani Pinjaman Dewasa 07/06/2020     741.5 ABE A01641906 07/06/2020   Book  
    Bergerak 5, Kulim Pinjaman Dewasa 07/06/2020     741.5 ABE A01641907 07/06/2020   Book  
    PD04, Kg. Bukit Nambua, Kuala Nerang Pinjaman Dewasa 07/06/2020     741.5 ABE A01641908 07/06/2020   Book  
    PD05, Kg. Lindungan Raja, Kulim Pinjaman Dewasa 07/06/2020     741.5 ABE A01641909 07/06/2020   Book  
    PD12, Kg. Padang, Baling Pinjaman Dewasa 07/06/2020     741.5 ABE A01641910 07/06/2020   Book